00580nam a2200157 a 450000100100000000500170001000800410002704000250006810000300009324500420012326000460016530000210021104900090023295201640024199900170040500003119420200930062750.0110614s1927 pr 000 0 spa d aDO-SdBNPbspacBNPHU1 aPiñeyro, Alvarez95766610aRutas estelares /cAlvarez Piñeyro. aParis :bImprenta Paris-América,c1927. a157 p. ;c28 cm. aBNPD 001050718MOaPDbPDcCTd2011-06-14iLF1l0o p31194-10r2020-06-25w2020-06-25y1zPerteneció a la biblioteca personal de Martínez Boog.ZNo se presta c30686d30686